Suburbia: a challenge to prejudice? (Record no. 72473)

MARC details
000 -LEADER
fixed length control field 01479cam a2200337 4500
001 - CONTROL NUMBER
control field ABS66621
008 - FIXED-LENGTH DATA ELEMENTS--GENERAL INFORMATION
fixed length control field 030409n2003 000 0 eng u
035 ## - SYSTEM CONTROL NUMBER
System control number (Sirsi) u121940
100 ## - MAIN ENTRY--PERSONAL NAME
Personal name Carr, C.
245 ## - TITLE STATEMENT
Title Suburbia: a challenge to prejudice?
260 ## - PUBLICATION, DISTRIBUTION, ETC.
Date of publication, distribution, etc. 2003
490 ## - SERIES STATEMENT
Series statement Urban Design Quarterly
Volume/sequential designation (86) Spring 2003, 15-35(21)
520 ## - SUMMARY, ETC.
Summary, etc. A series of five articles focusing on urban design in suburbia. The overriding theme is whether suburbs can overcome prejudice to reflect good urban design and their own identity. Looks at the processes and issues surrounding suburban environments and considers how the principles of the Urban Task Force report can be applied to developments in suburban locations. Describes initiatives to improve suburban neighbourhoods in Northern Ohio and discusses experiences of urbanism in the Netherlands and Australia. Concludes by outlining the approach taken to create a real neighbourhood in Newhall, Harlow. References, figures and diagrams.
590 ## - LOCAL NOTE (RLIN)
Local note ABS
650 ## - SUBJECT ADDED ENTRY--TOPICAL TERM
Topical term or geographic name entry element SUBURBAN AREAS
650 ## - SUBJECT ADDED ENTRY--TOPICAL TERM
Topical term or geographic name entry element SUBURBAN AREAS
650 ## - SUBJECT ADDED ENTRY--TOPICAL TERM
Topical term or geographic name entry element URBAN DESIGN
650 ## - SUBJECT ADDED ENTRY--TOPICAL TERM
Topical term or geographic name entry element URBAN ENVIRONMENT
650 ## - SUBJECT ADDED ENTRY--TOPICAL TERM
Topical term or geographic name entry element URBAN TASK FORCE
650 ## - SUBJECT ADDED ENTRY--TOPICAL TERM
Topical term or geographic name entry element TOWN PLANNING
650 ## - SUBJECT ADDED ENTRY--TOPICAL TERM
Topical term or geographic name entry element NETHERLANDS
650 ## - SUBJECT ADDED ENTRY--TOPICAL TERM
Topical term or geographic name entry element AUSTRALIA
650 ## - SUBJECT ADDED ENTRY--TOPICAL TERM
Topical term or geographic name entry element NEWHALL
650 ## - SUBJECT ADDED ENTRY--TOPICAL TERM
Topical term or geographic name entry element UNITED STATES
690 ## - LOCAL SUBJECT ADDED ENTRY--TOPICAL TERM (OCLC, RLIN)
Topical term or geographic name as entry element Planning and development
9 (RLIN) 6259
700 ## - ADDED ENTRY--PERSONAL NAME
Personal name Crookston, M.
700 ## - ADDED ENTRY--PERSONAL NAME
Personal name Schwarz, T.
700 ## - ADDED ENTRY--PERSONAL NAME
Personal name Evans, R.
700 ## - ADDED ENTRY--PERSONAL NAME
Personal name Worthington, J.
942 ## - ADDED ENTRY ELEMENTS (KOHA)
Suppress in OPAC 0
Holdings
Withdrawn status Lost status Source of classification or shelving scheme Damaged status Not for loan Home library Current library Shelving location Date acquired Total Checkouts Full call number Barcode Date last seen Copy number Price effective from Koha item type
    Dewey Decimal Classification     London London Journal article 09/04/2003   ABS66621 121940-1001 06/08/2019 1 06/08/2019 Journal article